[Event "Moscow RUS"]
[Site "?"]
[Date "2005.02.21"]
[Round "7"]
[White "Volkov Sergey"]
[Black "Filippov Valerij"]
[Result "1-0"]
[WhiteElo "2612"]
[BlackElo "2621"]
[PlyCount "155"]
[EventDate "2005.??.??"]
[Source "www.chesslib.no"]
[SourceDate "2004.05.04"]

1. d4 Nf6 2. c4 e6 3. Nc3 Bb4 4. e3 O-O 5. Nge2 d5 6. a3 Bd6 7. c5 Be7 8. b4 c6 9. Bd2 b6 10. Nc1 bxc5 11. bxc5 e5 12. f3 Nfd7 13. Bd3 f5 14. f4 exd4 15. exd4 Nf6 16. O-O Ne4 17. Be1 Nd7 18. Qa4 Rf6 19. Be2 a5 20. Ra2 Rh6 21. Nd3 Ba6 22. Ne5 Ndxc5 23. Qc2 Nxc3 24. Bxc3 Bxe2 25. Qxe2 Ne4 26. Qd3 Rb8 27. Rc1 c5 28. dxc5 Bxc5+ 29. Bd4 Qh4 30. g3 Bxd4+ 31. Qxd4 Qd8 32. Rac2 Re6 33. Rc7 Nf6 34. Qa7 Ne8 35. R7c5 Re7 36. Qa6 Qb6 37. Qxb6 Rxb6 38. Rxd5 a4 39. Ra5 g6 40. Rxa4 Nf6 41. Rb4 Rbe6 42. Rb2 Ng4 43. Nxg4 fxg4 44. Ra2 Ra6 45. a4 Ra5 46. Rc4 Kf7 47. Rb4 Kf6 48. Kf2 Rh5 49. Kf1 Ra5 50. Rb5 Rea7 51. Rxa5 Rxa5 52. Ke2 Ke6 53. Ke3 Kd6 54. Kd4 Kc6 55. Kc4 Kb6 56. Kb4 Rd5 57. Re2 Rh5 58. Kc4 Kc6 59. Rc2 Rd5 60. Kc3 Kb6 61. Rb2+ Kc6 62. Rb5 Rd1 63. f5 Rc1+ 64. Kb4 gxf5 65. Rxf5 Rb1+ 66. Kc4 Rc1+ 67. Kb3 Kd6 68. Rg5 Rb1+ 69. Kc3 Rc1+ 70. Kb2 Re1 71. Rh5 Re7 72. Kc3 Rc7+ 73. Kd4 Ke6 74. a5 Rd7+ 75. Kc5 Rc7+ 76. Kb6 Rc2 77. a6 Kd7 78. a7 1-0

[Event "Metz 85/453"]
[Site "?"]
[Date "2002.??.??"]
[Round "?"]
[White "Gurevich, M."]
[Black "Delchev, A."]
[Result "1-0"]
[WhiteElo "2641"]
[BlackElo "2591"]
[PlyCount "119"]
[EventDate "2002.??.??"]
[Source "Chess Informant"]
[SourceDate "2002.06.01"]

1. d4 Nf6 2. c4 e6 3. Nc3 Bb4 4. e3 O-O 5. Nge2 d5 6. a3 Be7 7. cxd5 exd5 8. g3 Re8 9. Bg2 c6 10. O-O Nbd7 11. b4 Nb6 12. f3 a5 13. Rb1 Nc4 14. Qd3 b5 15. e4 g6 16. h3 h5 17. Qd1 Nh7 18. Nf4 h4 19. g4 Bg5 20. Nce2 axb4 21. axb4 Ra2 22. Nc3 Ra7 23. e5 f6 24. Nxg6 Be3+ 25. Bxe3 Nxe3 26. Qd3 Nxf1 27. Rxf1 Rg7 28. f4 Be6 29. f5 Bf7 30. Ne2 fxe5 31. Nxe5 Qd6 32. Qc3 Nf6 33. Nf4 Ne4 34. Qb2 Ra8 35. Nfd3 Be8 36. Qc1 Qf6 37. Nf3 Ng3 38. Re1 Re7 39. Nde5 Ra2 40. Kh2 Qg7 41. Nxh4 Ne2 42. Qe3 Rxe5 43. dxe5 d4 44. Qe4 d3 45. Nf3 Qf7 46. Qe3 Qc4 47. Rd1 Qxb4 48. Rxd3 Qf4+ 49. Qxf4 Nxf4 50. Rd2 Rxd2 51. Nxd2 Nxg2 52. Kxg2 c5 53. Kf2 b4 54. Ke3 Ba4 55. e6 Bc2 56. Nc4 Kg7 57. Kd2 Bb3 58. Ne5 c4 59. Nc6 c3+ 60. Ke3 1-0

[Event "GER Ch 74th"]
[Site "?"]
[Date "2002.11.24"]
[Round "3"]
[White "Graf Alexander"]
[Black "Naiditsch Arkadij"]
[Result "0-1"]
[WhiteElo "2635"]
[BlackElo "2586"]
[PlyCount "74"]
[EventDate "2002.??.??"]
[Source "www.chesslib.no"]
[SourceDate "2004.05.04"]

1. d4 Nf6 2. c4 e6 3. Nc3 Bb4 4. e3 O-O 5. Nge2 d5 6. a3 Be7 7. cxd5 exd5 8. b4 Nbd7 9. Ng3 Nb6 10. Bd3 Ne8 11. Qb3 a5 12. bxa5 Rxa5 13. a4 Nd6 14. Ba3 c6 15. Bb4 Ra8 16. O-O Nbc4 17. Ra2 f5 18. Re1 Kh8 19. Qb1 g6 20. f3 Be6 21. e4 dxe4 22. fxe4 fxe4 23. Ngxe4 Nf5 24. Nf2 Bg8 25. Bxe7 Nxe7 26. Rae2 Qxd4 27. Ncd1 Nf5 28. Qxb7 Na5 29. Qb1 Nb3 30. Bxf5 gxf5 31. Re3 Rab8 32. Qc2 c5 33. Nc3 c4 34. Nb5 Qf6 35. Re5 Rbd8 36. Qc3 Ra8 37. Qb4 Rfd8 0-1

[Event "Deutschland"]
[Site "?"]
[Date "2004.??.??"]
[Round "?"]
[White "Graf, A."]
[Black "Stefansson, H."]
[Result "1-0"]
[WhiteElo "2655"]
[BlackElo "2565"]
[PlyCount "71"]
[EventDate "2004.??.??"]
[Source "Chess Informant"]
[SourceDate "2004.02.01"]

1. d4 Nf6 2. c4 e6 3. Nc3 Bb4 4. e3 O-O 5. Nge2 d5 6. a3 Bd6 7. Ng3 Re8 8. cxd5 exd5 9. Bd3 Nbd7 10. O-O c5 11. Qf3 c4 12. Bc2 Nb6 13. h3 Be6 14. Bd2 Rc8 15. Rad1 Bb8 16. Rfe1 a6 17. Nce2 Bd7 18. Ba5 Bc7 19. Nc3 Bc6 20. Nf5 g6 21. Ng3 Kg7 22. Qe2 Na8 23. Bxc7 Nxc7 24. f3 h5 25. Qf2 h4 26. Nge2 Qe7 27. e4 dxe4 28. fxe4 Nxe4 29. Nxe4 Bxe4 30. Nc3 f5 31. d5 Rcd8 32. Nxe4 fxe4 33. Rxe4 Qf8 34. Rf4 Qe7 35. Bxg6 Rf8 36. Bf5 1-0

[Event "4th IECC"]
[Site "Istanbul"]
[Date "2003.06.05"]
[Round "6"]
[White "Gurevich, Mikhail"]
[Black "Gashimov, Vugar"]
[Result "1/2-1/2"]
[WhiteElo "2635"]
[BlackElo "2579"]
[PlyCount "69"]
[EventDate "2003.05.30"]
[Source "Roberto Alvarez"]
[SourceDate "2003.06.23"]

1. d4 Nf6 2. c4 e6 3. Nc3 Bb4 4. e3 O-O 5. Nge2 d5 6. a3 Be7 7. Ng3 c5 8. dxc5 dxc4 9. Qc2 Bxc5 10. Bxc4 Nbd7 11. O-O Be7 12. Rd1 a6 13. Nce4 Qc7 14. Nf5 Bd8 15. Nfd6 Nxe4 16. Nxe4 Nb6 17. Bb3 Qxc2 18. Bxc2 Bd7 19. Bd2 Be7 20. Ba5 Nd5 21. Nc3 Bc6 22. Bb3 Nxc3 23. Bxc3 Rfd8 24. f3 Rxd1+ 25. Rxd1 Rd8 26. Rxd8+ Bxd8 27. Bc4 Bc7 28. h3 Kf8 29. Kf2 Bd6 30. Bd3 h6 31. Bc4 e5 32. Ke2 Ke7 33. Kd3 f6 34. Ba5 Bc5 35. Bc3 1/2-1/2

[Event "Antalya"]
[Site "?"]
[Date "2004.??.??"]
[Round "?"]
[White "Gurevich, M."]
[Black "Stocek, J."]
[Result "1-0"]
[WhiteElo "2670"]
[BlackElo "2540"]
[PlyCount "112"]
[EventDate "2004.??.??"]
[Source "Chess Informant"]
[SourceDate "2004.02.01"]

1. d4 Nf6 2. c4 e6 3. Nc3 Bb4 4. e3 O-O 5. Nge2 Re8 6. a3 Bf8 7. d5 a5 8. g3 Na6 9. Bg2 Nc5 10. b3 c6 11. O-O cxd5 12. cxd5 e5 13. Rb1 d6 14. e4 Bd7 15. h3 h5 16. Be3 h4 17. Qd2 hxg3 18. fxg3 Be7 19. Nc1 Nh7 20. Bxc5 dxc5 21. Nd3 Ra6 22. a4 Rh6 23. Qf2 Rf8 24. Nxe5 Bf6 25. Nxf7 Rxf7 26. e5 Ng5 27. exf6 Bxh3 28. Qe3 Bxg2 29. Kxg2 Rhxf6 30. Rbe1 Nf3 31. Rd1 Qf8 32. Rh1 Nd4 33. Ne4 Rf3 34. Qg5 Rxb3 35. Rd2 Nf5 36. Re2 Re7 37. Qh5 Nh6 38. d6 Re5 39. Nf6+ Qxf6 40. Rxe5 Rb2+ 41. Re2 Rxe2+ 42. Qxe2 Qxd6 43. Rd1 Qc6+ 44. Qf3 Qe8 45. Rd5 b6 46. Rd6 Nf7 47. Rxb6 c4 48. Ra6 Qd7 49. Ra8+ Kh7 50. Qe4+ g6 51. Re8 Qd2+ 52. Kg1 c3 53. Re7 Qd1+ 54. Kg2 Qd2+ 55. Qe2 Qd5+ 56. Qf3 Qd2+ 1-0

[Event "EU-ch 2nd"]
[Site "Ohrid"]
[Date "2001.06.06"]
[Round "6"]
[White "Shulman, Yuri"]
[Black "Lautier, Joel"]
[Result "1-0"]
[WhiteElo "2551"]
[BlackElo "2658"]
[PlyCount "109"]
[EventDate "2001.06.01"]
[Source "ChessBase"]
[SourceDate "2001.09.13"]

1. d4 Nf6 2. c4 e6 3. Nc3 Bb4 4. e3 O-O 5. Nge2 d5 6. a3 Be7 7. cxd5 exd5 8. b4 c6 9. Ng3 Re8 10. Bd3 Nbd7 11. O-O Nb6 12. b5 c5 13. dxc5 Bxc5 14. Na4 Nxa4 15. Qxa4 d4 16. Qc2 Bb6 17. e4 Ng4 18. h3 Ne5 19. f4 Nxd3 20. Qxd3 Bd7 21. Bd2 a6 22. bxa6 Rxa6 23. Bb4 Ba7 24. Rac1 Rc6 25. e5 Qb6 26. Ne4 Bf5 27. Kh2 h6 28. Qf3 Bxe4 29. Qxe4 Qb5 30. Rcd1 Rc4 31. Rfe1 Qc6 32. Rd2 Qc8 33. Rd3 Qc6 34. Rd2 Bb6 35. Rd3 Rc2 36. Re2 Qxe4 37. Rxe4 g6 38. Re1 Ba7 39. Kg3 Rec8 40. Kf3 h5 41. g4 Rh2 42. Ke4 hxg4 43. hxg4 Re8 44. g5 Rc8 45. Kd5 Rh4 46. Rb1 b5 47. Rf1 Rc2 48. Rff3 Rc4 49. Be7 Rc7 50. Bf6 Rc5+ 51. Kd6 Rc1 52. Rh3 Rh1 53. Rxh4 Rxh4 54. Rd1 Kh7 55. Rc1 1-0

[Event "Andorra op"]
[Site "Andorra"]
[Date "2001.07.05"]
[Round "6"]
[White "Avrukh, Boris"]
[Black "Khenkin, Igor"]
[Result "1-0"]
[WhiteElo "2600"]
[BlackElo "2609"]
[PlyCount "97"]
[EventDate "2001.06.30"]
[Source "ChessBase"]
[SourceDate "2001.09.11"]

1. d4 Nf6 2. c4 e6 3. Nc3 Bb4 4. e3 O-O 5. Nge2 d5 6. a3 Be7 7. cxd5 exd5 8. g3 a5 9. Bg2 Re8 10. O-O Bf8 11. Qc2 Na6 12. Bd2 c6 13. Rad1 h5 14. f3 c5 15. Bc1 cxd4 16. exd4 Nc7 17. Bg5 Be7 18. Nf4 Ne6 19. Bxf6 Bxf6 20. Nfxd5 Bxd4+ 21. Kh1 h4 22. f4 hxg3 23. Ne2 Ba7 24. Nxg3 Nd4 25. Qc3 Be6 26. Rxd4 Rc8 27. Qd2 Bxd4 28. Qxd4 Rc2 29. f5 Bxd5 30. Bxd5 Qg5 31. Qa4 Rec8 32. Qd7 Rf8 33. Qxb7 Qd2 34. Bg2 Rxb2 35. Qf3 Qh6 36. Ne4 Rfb8 37. f6 g6 38. Qg3 Re8 39. Ng5 Ree2 40. Rg1 Rb5 41. h4 Ree5 42. Bh3 Qf8 43. a4 Rbc5 44. Ne6 Rxe6 45. Bxe6 fxe6 46. Qxg6+ Kh8 47. f7 Qa8+ 48. Kh2 Qb8+ 49. Rg3 1-0

[Event "Vlissingen 85/454"]
[Site "?"]
[Date "2002.??.??"]
[Round "?"]
[White "Gurevich, M."]
[Black "Iordachescu, V."]
[Result "1/2-1/2"]
[WhiteElo "2649"]
[BlackElo "2555"]
[PlyCount "92"]
[EventDate "2002.??.??"]
[Source "Chess Informant"]
[SourceDate "2002.06.01"]

1. d4 Nf6 2. c4 e6 3. Nc3 Bb4 4. e3 O-O 5. Nge2 d5 6. a3 Be7 7. cxd5 exd5 8. g3 Re8 9. Bg2 c6 10. O-O Bf8 11. Kh1 a5 12. Nf4 b5 13. b3 Nbd7 14. a4 b4 15. Nce2 Ba6 16. Bb2 Bd6 17. Nd3 h5 18. Rc1 Rc8 19. Kg1 h4 20. Bh3 Rc7 21. Re1 Ne4 22. Nef4 Ng5 23. Bg2 hxg3 24. hxg3 Qf6 25. Qg4 Bc8 26. Qh4 Ba6 27. Qg4 Bc8 28. Nh5 Qh6 29. Qh4 Ne4 30. Rc2 g5 31. Qh1 Ba6 32. Bf1 f5 33. f3 Nc3 34. Rh2 Nf8 35. Kf2 Rh7 36. Ne5 Bxf1 37. Qxf1 Bxe5 38. dxe5 Rxe5 39. Bxc3 bxc3 40. Qd3 Qd6 41. f4 Re4 42. Qxc3 Kf7 43. Qxa5 g4 44. Qc3 Nd7 45. a5 Re8 46. Qc2 Qe6 1/2-1/2

[Event "4th IECC"]
[Site "Istanbul"]
[Date "2003.06.10"]
[Round "10"]
[White "Graf, Alexander"]
[Black "Sargissian, Gabriel"]
[Result "1/2-1/2"]
[WhiteElo "2630"]
[BlackElo "2572"]
[PlyCount "64"]
[EventDate "2003.05.30"]
[Source "Roberto Alvarez"]
[SourceDate "2003.06.23"]

1. d4 Nf6 2. c4 e6 3. Nc3 Bb4 4. e3 O-O 5. Nge2 d5 6. a3 Be7 7. cxd5 Nxd5 8. Bd2 Nd7 9. Nxd5 exd5 10. Ng3 g6 11. Qc2 a5 12. Bd3 c5 13. dxc5 Nxc5 14. Bc3 Bd7 15. O-O Rc8 16. Qe2 Re8 17. Bb5 Bc6 18. Rad1 Qb6 19. Bxc6 bxc6 20. Qg4 Ne6 21. Nf5 Bf8 22. e4 h5 23. Qg3 Nc5 24. exd5 Ne4 25. Qe3 Qxe3 26. Nxe3 Nxc3 27. bxc3 Red8 28. dxc6 Rxd1 29. Rxd1 Rxc6 30. Rd5 Rxc3 31. Rxa5 Bxa3 32. Kf1 Bc5 1/2-1/2

[Event "Wijk aan Zee"]
[Site "?"]
[Date "1990.??.??"]
[Round "?"]
[White "Gurevich, M."]
[Black "Petursson, M."]
[Result "1/2-1/2"]
[WhiteElo "2645"]
[BlackElo "2555"]
[PlyCount "123"]
[EventDate "1990.??.??"]
[Source "ChessBase"]
[SourceDate "1990.01.01"]

1. d4 Nf6 2. c4 e6 3. Nc3 Bb4 4. e3 O-O 5. Nge2 d5 6. a3 Be7 7. cxd5 Nxd5 8. Qc2 Nd7 9. g3 Nxc3 10. bxc3 c5 11. Bg2 Qc7 12. a4 Rb8 13. a5 b5 14. axb6 axb6 15. O-O b5 16. Rb1 Rb6 17. Rd1 Bb7 18. e4 cxd4 19. Nxd4 Ba6 20. Bf4 e5 21. Nf5 Nf6 22. Bg5 h6 23. Bxf6 Bxf6 24. Ne3 Bb7 25. Bh3 Rd8 26. Rxd8+ Qxd8 27. Bf1 Qa8 28. Bd3 Bg5 29. c4 Bxe3 30. fxe3 Rd6 31. cxb5 Qd8 32. Be2 Rd2 33. Rd1 Rxd1+ 34. Qxd1 Qxd1+ 35. Bxd1 Kf8 36. Kf2 Ke7 37. Kf3 f5 38. Bc2 Kd6 39. g4 fxg4+ 40. Kxg4 g6 41. Kf3 Kc5 42. Bb3 Bc8 43. Bf7 g5 44. Bg6 Bd7 45. Bf5 Bxb5 46. Bc8 h5 47. Bf5 Be8 48. Kg3 Kd6 49. h4 g4 50. Bh7 Bf7 51. Bf5 Ke7 52. Kf2 Kf6 53. Bd7 Bg6 54. Bc6 Ke7 55. Bd5 Kd6 56. Kg3 Be8 57. Bg8 Kc5 58. Bh7 Kc4 59. Bf5 Kd3 60. Kf2 Bf7 61. Bh7 Kd2 62. Bf5 1/2-1/2

[Event "Pamplona"]
[Site "?"]
[Date "1991.??.??"]
[Round "?"]
[White "Chernin, A."]
[Black "Granda Zuniga, J."]
[Result "1/2-1/2"]
[WhiteElo "2605"]
[BlackElo "2595"]
[PlyCount "85"]
[EventDate "1991.??.??"]
[Source "ChessBase"]
[SourceDate "1992.02.01"]

1. d4 Nf6 2. c4 e6 3. Nc3 Bb4 4. e3 O-O 5. Nge2 d5 6. a3 Be7 7. Ng3 c5 8. dxc5 Bxc5 9. b4 Be7 10. Bb2 a5 11. b5 dxc4 12. Bxc4 Nbd7 13. O-O Nb6 14. Bd3 e5 15. Qe2 Bg4 16. f3 Be6 17. Rfd1 Qe8 18. Nce4 Nfd7 19. Nf2 f5 20. Rac1 Rc8 21. Rxc8 Qxc8 22. e4 f4 23. Nf5 Bc5 24. Kh1 Qe8 25. g3 fxg3 26. hxg3 Na4 27. Ba1 Bxa3 28. Ng4 Bb4 29. Kg2 Bc3 30. Qc2 Bxa1 31. Qxa4 Bxf5 32. exf5 Bd4 33. Qxa5 Nc5 34. Bb1 Kh8 35. Qb4 b6 36. Qc4 Nd7 37. Be4 Nf6 38. Nxf6 gxf6 39. Qc6 Qe7 40. Rd2 Qb4 41. Re2 Bc5 42. Qd7 Qd4 43. Qxd4 1/2-1/2

[Event "Jugoslavija"]
[Site "?"]
[Date "1996.??.??"]
[Round "?"]
[White "Gurevich, M."]
[Black "Komarov, D."]
[Result "1-0"]
[WhiteElo "2605"]
[BlackElo "2595"]
[PlyCount "59"]
[EventDate "1996.??.??"]
[Source "ChessBase"]
[SourceDate "1996.10.01"]

1. d4 Nf6 2. c4 e6 3. Nc3 Bb4 4. e3 O-O 5. Nge2 d5 6. a3 Be7 7. cxd5 Nxd5 8. Qc2 Nd7 9. e4 Nxc3 10. Nxc3 c5 11. d5 Bf6 12. dxe6 fxe6 13. f4 Bd4 14. e5 Nb6 15. Bd3 Qh4+ 16. g3 Qh3 17. Ne4 c4 18. Bf1 Qh5 19. Bg2 Rd8 20. Ng5 Bd7 21. Bf3 Qh6 22. Be4 g6 23. h4 Qf8 24. h5 Ba4 25. Qh2 Bc5 26. hxg6 h6 27. Nxe6 Rd1+ 28. Ke2 Rxh1 29. Qxh1 Qe7 30. Qxh6 1-0

[Event "Politiken Cup"]
[Site "Copenhagen"]
[Date "2001.07.22"]
[Round "8"]
[White "Rustemov, Alexander"]
[Black "Nielsen, Peter Heine"]
[Result "1/2-1/2"]
[WhiteElo "2607"]
[BlackElo "2593"]
[PlyCount "67"]
[EventDate "2001.07.16"]
[Source "ChessBase"]
[SourceDate "2001.09.11"]

1. d4 Nf6 2. c4 e6 3. Nc3 Bb4 4. e3 O-O 5. Nge2 d5 6. a3 Be7 7. cxd5 Nxd5 8. Qc2 Nd7 9. g3 Nxc3 10. bxc3 c5 11. Bg2 Qc7 12. O-O Rb8 13. c4 cxd4 14. exd4 b6 15. Bf4 Bd6 16. Bxd6 Qxd6 17. Rfc1 Ba6 18. c5 bxc5 19. dxc5 Nxc5 20. Qxc5 Qxc5 21. Rxc5 Bxe2 22. Rc7 a6 23. Rac1 Rb3 24. Bf1 Bxf1 25. Kxf1 Rxa3 26. Ra7 h5 27. Rc6 h4 28. Kg2 Ra2 29. Raxa6 h3+ 30. Kf3 Rxa6 31. Rxa6 Rb8 32. Ra3 Rb1 33. Kg4 Rb2 34. Rf3 1/2-1/2

[Event "US Masters"]
[Site "Chicago"]
[Date "2002.03.03"]
[Round "6"]
[White "Gurevich, Dmitry"]
[Black "Onischuk, Alexander"]
[Result "1/2-1/2"]
[WhiteElo "2544"]
[BlackElo "2655"]
[PlyCount "94"]
[EventDate "2002.02.28"]
[Source "ChessBase"]
[SourceDate "2002.03.14"]

1. d4 Nf6 2. c4 e6 3. Nc3 Bb4 4. e3 O-O 5. Nge2 d5 6. a3 Be7 7. cxd5 exd5 8. b4 c6 9. Ng3 Re8 10. Bd3 Nbd7 11. O-O Nb6 12. Rb1 Bd6 13. a4 Bxg3 14. hxg3 Ne4 15. Bxe4 dxe4 16. b5 Be6 17. Nxe4 Ba2 18. Ra1 Bc4 19. Nc5 Bxf1 20. Qxf1 Nd7 21. Nxb7 Qc7 22. bxc6 Qxc6 23. Qb5 Qxb5 24. axb5 Reb8 25. Nd6 a6 26. bxa6 Rb6 27. Ne4 Rbxa6 28. Rxa6 Rxa6 29. Bb2 Rb6 30. Ba3 Rb1+ 31. Kh2 f5 32. Nd6 Nf6 33. f3 Rb3 34. Bc5 Rxe3 35. Nxf5 Re2 36. g4 Nd5 37. Bd6 Kf7 38. Be5 g6 39. Nd6+ Ke7 40. Ne4 Ne3 41. Nf6 Rxg2+ 42. Kh3 Rg1 43. Kh2 Rf1 44. Kg3 h6 45. Ng8+ Ke6 46. Nxh6 Rh1 47. Kf4 Nc4 1/2-1/2

[Event "Kusadasi TUR"]
[Site "?"]
[Date "2006.04.12"]
[Round "8"]
[White "Winants Luc"]
[Black "Moiseenko Alexander"]
[Result "1/2-1/2"]
[WhiteElo "2535"]
[BlackElo "2657"]
[PlyCount "53"]
[EventDate "2006.??.??"]
[Source "www.chesslib.no"]
[SourceDate "2004.05.04"]

1. d4 Nf6 2. c4 e6 3. Nc3 Bb4 4. e3 O-O 5. Nge2 d5 6. cxd5 exd5 7. g3 Re8 8. Bg2 Bf8 9. O-O c6 10. a3 a5 11. Qc2 Na6 12. Bd2 Nc7 13. Rad1 Bg4 14. f3 Bh5 15. Nf4 Bg6 16. Nxg6 hxg6 17. Kh1 c5 18. dxc5 Bxc5 19. e4 Ne6 20. Nxd5 Nxd5 21. exd5 Qxd5 22. f4 Qh5 23. Bc3 Rad8 24. Bf3 Qh3 25. Bg2 Qh5 26. Bf3 Qh3 27. Bg2 1/2-1/2

[Event "RUS-Cup6"]
[Site "Krasnodar"]
[Date "1997.03.14"]
[Round "4"]
[White "Giorgadze, Giorgi"]
[Black "Morozevich, Alexander"]
[Result "1/2-1/2"]
[WhiteElo "2595"]
[BlackElo "2595"]
[PlyCount "33"]
[EventDate "1997.03.11"]
[Source "www.chesslib.no"]
[SourceDate "2004.05.04"]

1. d4 Nf6 2. c4 e6 3. Nc3 Bb4 4. e3 O-O 5. Nge2 d5 6. a3 Bd6 7. c5 Be7 8. b4 c6 9. Ng3 b6 10. Be2 Nbd7 11. O-O g6 12. f4 Ne8 13. Nh1 Bf6 14. Bd2 Nc7 15. Nf2 Bg7 16. Qc2 Bb7 17. Nd3 1/2-1/2

[Event "Parnu-B"]
[Site "Parnu"]
[Date "1996.??.??"]
[Round "4"]
[White "Gyimesi, Zoltan"]
[Black "Epishin, Vladimir"]
[Result "1-0"]
[WhiteElo "2545"]
[BlackElo "2645"]
[PlyCount "89"]
[EventDate "1996.02.??"]
[Source "ChessBase"]

1. d4 Nf6 2. c4 e6 3. Nc3 Bb4 4. e3 O-O 5. Nge2 d5 6. a3 Be7 7. cxd5 exd5 8. g3 c6 9. Bg2 Na6 10. O-O Nc7 11. f3 c5 12. Bd2 b6 13. Be1 Re8 14. Qd2 Ba6 15. Bf2 cxd4 16. exd4 Bd6 17. Rfe1 h6 18. Nf4 Qd7 19. Be3 Re7 20. Bh3 Qc6 21. Rac1 Qb7 22. Ng2 h5 23. Nh4 g6 24. Bg5 Rxe1+ 25. Rxe1 Nh7 26. Be7 Bxe7 27. Rxe7 Re8 28. Qe3 Rxe7 29. Qxe7 Qc6 30. f4 Nf8 31. Nf3 f6 32. f5 g5 33. Nxg5 Qe8 34. Qxe8 Nxe8 35. Ne6 Nxe6 36. fxe6 Nc7 37. e7 Kf7 38. Nxd5 Nxd5 39. Be6+ Kxe7 40. Bxd5 Bd3 41. Kf2 Kd6 42. Bf7 h4 43. gxh4 Ke7 44. Ke3 Bc2 45. Bd5 1-0

[Event "Open"]
[Site "Santo Domingo"]
[Date "2003.12.02"]
[Round "7"]
[White "Milov, Vadim"]
[Black "Alekseev, Evgeny"]
[Result "1/2-1/2"]
[WhiteElo "2574"]
[BlackElo "2613"]
[PlyCount "44"]
[EventDate "2003.11.27"]
[Source "Roberto Alvarez"]
[SourceDate "2003.12.08"]

1. d4 Nf6 2. c4 e6 3. Nc3 Bb4 4. e3 O-O 5. Nge2 Re8 6. a3 Bf8 7. g3 d5 8. cxd5 exd5 9. Bg2 c6 10. O-O a5 11. Bd2 Na6 12. Nf4 Bf5 13. f3 h5 14. Rf2 b5 15. Bf1 Bd6 16. Be2 Qd7 17. Kh1 Bh7 18. Qf1 Nc7 19. Bd3 Bxd3 20. Nxd3 Ne6 21. Rc1 Qb7 22. Ne2 b4 1/2-1/2

[Event "Imre Konig Mem"]
[Site "?"]
[Date "2002.09.11"]
[Round "6"]
[White "Shulman Yuri"]
[Black "Yermolinsky Alex"]
[Result "1/2-1/2"]
[WhiteElo "2591"]
[BlackElo "2592"]
[PlyCount "33"]
[EventDate "2002.??.??"]
[Source "www.chesslib.no"]
[SourceDate "2004.05.04"]

1. d4 Nf6 2. c4 e6 3. Nc3 Bb4 4. e3 O-O 5. Nge2 d5 6. a3 Be7 7. cxd5 Nxd5 8. Qc2 Nd7 9. Bd2 N5f6 10. g3 e5 11. Bg2 exd4 12. exd4 Nb6 13. O-O c6 14. Rfe1 Nbd5 15. Nf4 Nxf4 16. Bxf4 Be6 17. Rad1 1/2-1/2

[Event "VII Gibtelecom Masters"]
[Site "Caleta ING"]
[Date "2009.02.01"]
[Round "6"]
[White "Del Rio de Angelis, S."]
[Black "Berkes, F."]
[Result "1/2-1/2"]
[WhiteElo "2532"]
[BlackElo "2651"]
[PlyCount "62"]
[EventDate "2009.01.27"]
[Source "www.chesslib.no"]
[SourceDate "2004.05.04"]

1. d4 Nf6 2. c4 e6 3. Nc3 Bb4 4. e3 O-O 5. Nge2 d5 6. cxd5 exd5 7. g3 Nbd7 8. Bg2 Nb6 9. O-O Re8 10. f3 h6 11. a3 Bxc3 12. Nxc3 Bf5 13. Re1 Qd7 14. b3 Bh3 15. Bh1 Re6 16. Bb2 Rae8 17. Qd2 Bf5 18. Re2 Nc8 19. Rae1 Nd6 20. Nd1 Qb5 21. Qc3 a5 22. Nf2 a4 23. bxa4 Qxa4 24. Nd3 Bxd3 25. Qxd3 Qc4 26. Qd1 Qa6 27. Bg2 Nc4 28. Bc1 Nd6 29. Qc2 Nc4 30. Qd1 Nd6 31. Bh3 R6e7 1/2-1/2

[Event "Arctic Chess Challenge"]
[Site "Tromso NOR"]
[Date "2007.08.11"]
[Round "8"]
[White "Epishin, V."]
[Black "Brodsky, M."]
[Result "1/2-1/2"]
[WhiteElo "2587"]
[BlackElo "2595"]
[PlyCount "55"]
[EventDate "2007.08.04"]
[Source "www.chesslib.no"]
[SourceDate "2004.05.04"]

1. d4 Nf6 2. c4 e6 3. Nc3 Bb4 4. e3 O-O 5. Nge2 d5 6. a3 Be7 7. cxd5 exd5 8. h3 Nbd7 9. g4 Nb6 10. Bg2 a5 11. a4 c6 12. O-O h5 13. f3 hxg4 14. fxg4 Nh7 15. Nf4 Nc4 16. b3 Nd6 17. Ba3 Ne8 18. Bxe7 Qxe7 19. e4 dxe4 20. Nxe4 Nd6 21. Qd3 Nxe4 22. Bxe4 Ng5 23. Rae1 Qd6 24. d5 Nxe4 25. Qxe4 cxd5 26. Qxd5 Ra6 27. Qxd6 Rxd6 28. Rd1 1/2-1/2

[Event "Canadian Open"]
[Site "Kapuskasing"]
[Date "2004.07.17"]
[Round "9"]
[White "Fridman, Daniel"]
[Black "Huzman, Alexander"]
[Result "1/2-1/2"]
[WhiteElo "2594"]
[BlackElo "2588"]
[PlyCount "87"]
[EventDate "2004.07.10"]
[Source "Roberto Alvarez"]
[SourceDate "2004.07.12"]

1. d4 Nf6 2. c4 e6 3. Nc3 Bb4 4. e3 O-O 5. Nge2 d5 6. a3 Be7 7. Nf4 c6 8. cxd5 Nxd5 9. g3 Nd7 10. Bg2 Nxf4 11. gxf4 c5 12. d5 Nb6 13. O-O exd5 14. Nxd5 Nxd5 15. Bxd5 Be6 16. Bxe6 fxe6 17. Bd2 Qd3 18. Bc3 Qg6+ 19. Kh1 Qe4+ 20. Kg1 Qg6+ 21. Kh1 Qe4+ 22. Kg1 Bf6 23. Qb1 Qf3 24. Qd1 Qe4 25. Qb1 Qc6 26. f3 Bxc3 27. bxc3 Rad8 28. a4 g5 29. Qb5 gxf4 30. Qxc6 bxc6 31. Rae1 Rd3 32. exf4 Rf6 33. f5 exf5 34. Re7 Rf7 35. Re8+ Kg7 36. Rc8 Rf6 37. Rc7+ Kh6 38. Rxa7 Rxc3 39. a5 Ra3 40. Rc1 Ra2 41. Rxc5 Rg6+ 42. Kf1 Rd6 43. Ke1 Rxh2 44. Rxf5 1/2-1/2

[Event "Dos Hermanas"]
[Site "?"]
[Date "2004.??.??"]
[Round "?"]
[White "Milov, V."]
[Black "Cheparinov, I."]
[Result "1-0"]
[WhiteElo "2630"]
[BlackElo "2550"]
[PlyCount "89"]
[EventDate "2004.??.??"]
[Source "Chess Informant"]
[SourceDate "2004.02.01"]

1. d4 Nf6 2. c4 e6 3. Nc3 Bb4 4. e3 O-O 5. Nge2 d5 6. a3 Be7 7. cxd5 Nxd5 8. Bd2 Nd7 9. g3 b6 10. Nxd5 exd5 11. Bg2 Bb7 12. O-O Re8 13. Qc2 Bd6 14. Rac1 Qe7 15. Nc3 Nf6 16. Nb5 c6 17. Nxd6 Qxd6 18. f3 Nd7 19. Rfe1 c5 20. Bc3 Re7 21. b4 cxd4 22. Bxd4 Ne5 23. Qc3 f6 24. f4 Nf7 25. Qb3 Qe6 26. a4 Nd6 27. a5 Nc4 28. e4 b5 29. e5 f5 30. Qd3 Rf7 31. Re2 a6 32. Bf3 Rd8 33. Rg2 Bc8 34. Rf1 g6 35. h3 h6 36. g4 Kh7 37. g5 Rg8 38. gxh6 Qc6 39. Kh2 Be6 40. Rfg1 Kxh6 41. Qe2 Rgg7 42. Qe1 Kh7 43. Qh4+ Kg8 44. Rxg6 Nd2 45. Qd8+ 1-0

[Event "USA Open"]
[Site "Fort Worth, TX USA"]
[Date "1984.??.??"]
[Round "9"]
[White "Henley, Ron W"]
[Black "Browne, Walter S"]
[Result "1/2-1/2"]
[WhiteElo "2582"]
[BlackElo "2596"]
[PlyCount "68"]
[EventDate "1984.??.??"]
[Source "www.chesslib.no"]
[SourceDate "2004.05.04"]

1. d4 Nf6 2. c4 e6 3. Nc3 Bb4 4. e3 O-O 5. Nge2 d5 6. a3 Bd6 7. c5 Be7 8. b4 b6 9. Nf4 c6 10. Bd2 Nbd7 11. Be2 e5 12. Nd3 exd4 13. exd4 Ne4 14. b5 Nxc3 15. Bxc3 cxb5 16. Qb3 bxc5 17. Qxd5 Rb8 18. dxc5 Nxc5 19. Nb4 Bb7 20. Qh5 Ne4 21. Rd1 Qb6 22. Bd4 Bc5 23. Bxc5 Qxc5 24. Qxc5 Nxc5 25. O-O a5 26. Na2 Be4 27. f3 Bc2 28. Rd5 Rfc8 29. Rc1 Nb3 30. Re1 Nc5 31. Rc1 Nb3 32. Re1 b4 33. axb4 axb4 34. Ba6 Rf8 1/2-1/2

[Event "Ch (Men) Osterburg GER"]
[Site "?"]
[Date "2006.02.09"]
[Round "7"]
[White "Prusikin Michael"]
[Black "Gustafsson Jan"]
[Result "1/2-1/2"]
[WhiteElo "2563"]
[BlackElo "2614"]
[PlyCount "39"]
[EventDate "2006.??.??"]
[Source "www.chesslib.no"]
[SourceDate "2004.05.04"]

1. d4 Nf6 2. c4 e6 3. Nc3 Bb4 4. e3 O-O 5. Nge2 Re8 6. a3 Bf8 7. d5 d6 8. Ng3 c6 9. Be2 cxd5 10. cxd5 exd5 11. Bf3 d4 12. Qxd4 Nc6 13. Qd1 Ne5 14. O-O Nxf3+ 15. Qxf3 d5 16. h3 Be6 17. Rd1 Qb6 18. Nce2 Rac8 19. Nd4 Ne4 20. Nge2 1/2-1/2